The Hills Have Eyes 2 [ Unrated

For 18+ with non-excessive violent/horrifying scenes (18 SG)

Bibliographic Details
Main Author: Weisz, Martin
Format: Book
Published: s.l. : Twentieth Century Fox Home Entertainment , 2007
Subjects:

MARC

LEADER 00000cam a2200000 7i4500
001 0000166350
005 20120928.0
090 0 0 |a F   |b HIL 
100 1 |a Weisz, Martin 
245 1 4 |a The Hills Have Eyes 2 [  |h digital video disc] :   |b Unrated   |c Martin Weisz 
260 |a s.l. :   |b Twentieth Century Fox Home Entertainment ,   |c 2007 
300 |a 1 digital video disc (105 minutes) :   |b col 
500 |a Library has 2 copies 
520 0 |a For 18+ with non-excessive violent/horrifying scenes (18 SG) 
650 0 0 |a Movies, English 
999 |a AV 30536   |b DIGITAL VIDEO DISC   |c PINJAMAN   |e PERPUSTAKAAN KOMUNITI PETALING JAYA 
999 |a AV 30537   |b DIGITAL VIDEO DISC   |c PINJAMAN   |e PERPUSTAKAAN KOMUNITI PETALING JAYA